|
|
|
|
| LEADER |
00000nas a22000007a 4500 |
| 001 |
ssj0022743 |
| 003 |
WaSeSS |
| 005 |
20200512172242.0 |
| 006 |
m d |
| 007 |
cr n |
| 008 |
900719d1990199upaumr p s 0 a0eng c |
| 010 |
|
|
|a sn 90004794
|
| 022 |
|
|
|l 1051-7510
|y 1051-7510
|
| 032 |
|
|
|a 006683
|b USPS
|
| 035 |
|
|
|a (WaSeSS)ssj0022743
|
| 037 |
|
|
|b Geographic Business Publishers, Inc., The Atlantic Bldg., 260 S. Broad St., Philadelphia, PA 19102
|
| 040 |
|
|
|a NSD
|b eng
|c NSD
|d NST
|d EBZ
|d TEU
|d OCLCQ
|d OCLCO
|d OCLCA
|d OCLCF
|d OCLCO
|d OCLCA
|d WaSeSS
|
| 042 |
|
|
|a nsdp
|a pcc
|
| 043 |
|
|
|a n-us-pa
|
| 082 |
1 |
0 |
|a 330
|2 12
|
| 210 |
0 |
|
|a Bus. Phila.
|
| 222 |
|
0 |
|a Business Philadelphia
|
| 245 |
0 |
0 |
|a Business Philadelphia
|h [electronic resource].
|
| 260 |
|
|
|a Philadelphia, PA :
|b Geographic Business Publishers
|
| 310 |
|
|
|a Monthly
|
| 362 |
1 |
|
|a Began in 1990.
|
| 506 |
|
|
|a License restrictions may limit access.
|
| 588 |
|
|
|a Description based on: Vol. 2, no. 7 (July 1991); title from cover.
|
| 650 |
|
0 |
|a Businessmen
|z Pennsylvania
|z Philadelphia
|v Periodicals.
|
| 650 |
|
7 |
|a Businessmen.
|2 fast
|0 (OCoLC)fst00842951
|
| 650 |
|
7 |
|a Commerce.
|2 fast
|0 (OCoLC)fst00869279
|
| 650 |
|
7 |
|a Economic history.
|2 fast
|0 (OCoLC)fst00901974
|
| 651 |
|
0 |
|a Philadelphia (Pa.)
|x Commerce
|v Periodicals.
|
| 651 |
|
0 |
|a Philadelphia (Pa.)
|x Economic conditions
|v Periodicals.
|
| 651 |
|
7 |
|a Pennsylvania
|z Philadelphia.
|2 fast
|0 (OCoLC)fst01204170
|
| 655 |
|
0 |
|a Electronic journals.
|
| 850 |
|
|
|a PU-W
|
| 856 |
4 |
0 |
|z Full text available from Research Library: 04/01/1995 to 04/30/1997
|u https://search.proquest.com/publication/31302
|